Quiz sur le Val-de-Marne - Statistiques

Statistiques générales
  • Ce quiz a été pris 4 129 fois
  • Le résultat moyen est 11 sur 20
Statistiques - réponses
Question Réponse % Correct
Région dans laquelle il se situe Île-de-France
99%
Numéro du département 94
98%
Préfecture et deuxième plus grande ville Créteil
85%
Métropole à laquelle l'intégralité du département appartient Grand Paris
83%
Commune accueillant le deuxième aéroport de France par l'affluence Orly
81%
Ville qui accueille le plus grand marché de produits frais au monde Rungis
71%
Commune, tenant son nom d'un bois, qui est connue pour son château Vincennes
70%
Parti qui est au pouvoir dans cette ville depuis 1925 sans interruption Parti Communiste
62%
Terme regroupant les Hauts-de-Seine, la Seine-Saint-Denis et le Val-de-Marne Petite Couronne
60%
Sport dans lequel Ivry et la préfecture ont chacun un club de première division Handball
59%
Sous-préfecture qui est l'une des 4 villes de France comportant un ÿ L'Haÿ-les-Roses
52%
Ville la plus peuplée, avec 92 260 habitants en 2018 Vitry-sur-Seine
51%
Chanteuse val-de-marnaise qui a prêté sa voix pour le film Un monstre à Paris Vanessa Paradis
46%
Peintre romantique né à Saint-Maurice qui est principalementmis en avant pour son œuvre La Liberté guidant le peuple Eugène Delacroix
45%
Ancien département auquel appartenait la moitié du Val-de-Marne Seine-et-Oise
40%
Seule autre sous-préfecture Nogent-sur-Marne
33%
Cabarets de banlieue typiques des boucles de la Marne Guinguettes
28%
Ville située à la confluence de la Seine et de la Marne Alfortville
27%
Photographe célèbre qui a notamment signé Le Baiser de l'hôtel de ville Robert Doisneau
24%
Seul président par intérim de l'Histoire française, né à Ablon-sur-Seine Alain Poher
23%
Aucun quiz correspondant
Distribution des résultats
% des personnes avec chaque résultat
Percentile par nombre de réponses
Votre historique - résultats
Vous n’avez pas pris ce quiz